Analytical study of differential rate of interest scheme and its impact on beneficiaries : With particular reference to Nagpur city (Record no. 10684)

MARC details
000 -LEADER
fixed length control field 00635nam a2200181Ia 4500
082 ## - DEWEY DECIMAL CLASSIFICATION NUMBER
Classification number TL.0052
100 ## - MAIN ENTRY--AUTHOR NAME
Personal name Lakshminarayanan, Panchapakesa
245 #0 - TITLE STATEMENT
Title Analytical study of differential rate of interest scheme and its impact on beneficiaries : With particular reference to Nagpur city
260 ## - PUBLICATION, DISTRIBUTION, ETC. (IMPRINT)
Year of publication 1993
Name of publisher Nagpur University
300 ## - PHYSICAL DESCRIPTION
Number of Pages 248p.
650 ## - SUBJECT ADDED ENTRY--TOPICAL TERM
Topical Term RATE OF INTEREST//INTEREST RATES
650 ## - SUBJECT ADDED ENTRY--TOPICAL TERM
Topical Term INTEREST RATES - INDIA
650 ## - SUBJECT ADDED ENTRY--TOPICAL TERM
Topical Term BACKWARD CLASSES - ECONOMIC CONDITIONS - MAHARASHTRA - NAGPUR
650 ## - SUBJECT ADDED ENTRY--TOPICAL TERM
Topical Term BANK LOANS - INDIA
650 ## - SUBJECT ADDED ENTRY--TOPICAL TERM
Topical Term RATES, INTEREST//INTEREST RATES
710 ## - ADDED ENTRY--CORPORATE NAME
Corporate name or jurisdiction name as entry element Kale, Ram
942 ## - ADDED ENTRY ELEMENTS (KOHA)
Koha item type Thesis
Source of classification or shelving scheme Dewey Decimal Classification
Holdings
Withdrawn status Lost status Damaged status Not for loan Home library Current library Date acquired Bill Date Full call number Accession Number Price effective from Koha item type
        NASSDOC Library NASSDOC Library 08/10/2004 2008-12-30 TL.0052 33012 18/04/2019 Thesis